| 000 | 00794nam a2200229Ia 4500 | ||
|---|---|---|---|
| 005 | 20240718142107.0 | ||
| 008 | 130821s1976 kn gr spa | ||
| 040 |
_aCo-BoUCM _bspa _cSandra Yazo (modificó) _dSandra Yazo (modificó) |
||
| 041 | _aspa | ||
| 082 |
_a951.4 _bK45t |
||
| 100 |
_aTakeo Takagi _9116543 |
||
| 245 |
_aKim Il Sung gran maestro en el arte de dirección _cTakeo Takagi |
||
| 260 |
_aPionyang (Corea del Norte) _bEdiciones en Lenguas Extranjeras _c1976 |
||
| 300 | _a256 páginas | ||
| 600 |
_aKim Il Sung _9699 |
||
| 650 | 0 | 4 |
_aCiencia política _9340 |
| 650 | 0 | 4 |
_aPolítica y gobierno _922032 |
| 650 | 0 | 4 |
_aSocialismo _924700 |
| 651 |
_aCorea _926610 |
||
| 651 |
_aCorea _xPolítica y gobierno _952109 |
||
| 942 |
_cLIBRO _a21 _e1 _mK45T _2DEWEY _h951.4 |
||
| 999 |
_c16294 _d16294 |
||